000 00615nam a22002297a 4500
003 UA-OsUOA
001 101232
007 ta
008 20130610b un ||||| |||| 00| 0 ukr d
100 _aМалаховский К.В.
090 _a94 (94)
_bМ18
942 _cBK
040 _aUA-OsUOA
_brus
_cUA-OsUOA
_dUA-OsUOA
245 _aИстория австралийского союза
300 _a369 с.
955 _a2
041 _arus
080 _a94 (94)
260 _aМосква
_bНаука
_c1971
650 7 _a9 Географія. Біографії. Історія
_2UDC
999 _c387951
_d387951